Mega Man Weapon Select Tile Quiz - Statistics

General Stats
  • This quiz has been taken 9 times
  • The average score is 59 of 72
Answer Stats
Question Tile Select % Correct
Mega Man 2 Weapons Atomic Fire Yes
100%
Mega Man 1 Weapons Boulder Blast No
100%
Mega Man 2 Weapons Bubble Lead Yes
100%
Mega Man 6 Weapons Centaur Flash Yes
100%
Mega Man 5 Weapons Charge Kick Yes
100%
Mega Man 4 Weapons Dive Missile Yes
100%
Mega Man 4 Weapons Drill Bomb Yes
100%
Mega Man 4 Weapons Dust Crusher Yes
100%
Mega Man 4 Weapons Flash Timer No
100%
Mega Man 5 Weapons Gravity Hold Yes
100%
Mega Man 5 Weapons Gyro Attack Yes
100%
Mega Man 3 Weapons Hard Knuckle Yes
100%
Mega Man 1 Weapons Hyper Bomb Yes
100%
Mega Man 6 Weapons Knight Crusher Yes
100%
Mega Man 2 Weapons Metal Blade Yes
100%
Mega Man 5 Weapons Napalm Bomb Yes
100%
Mega Man 2 Weapons Photon Missile No
100%
Mega Man 2 Weapons Quick Boomerang Yes
100%
Mega Man 1 Weapons Scramble Thunder No
100%
Mega Man 3 Weapons Search Snake Yes
100%
Mega Man 3 Weapons Shadow Blade Yes
100%
Mega Man 6 Weapons Silver Tomahawk Yes
100%
Mega Man 2 Weapons Time Stopper Yes
100%
Mega Man 3 Weapons Top Spin Yes
100%
Mega Man 3 Weapons Acid Rain No
86%
Mega Man 8 Weapons Astro Crush Yes
86%
Mega Man 1 Weapons Blazing Torch No
86%
Mega Man 2 Weapons Centaur Flash No
86%
Mega Man 7 Weapons Danger Wrap Yes
86%
Mega Man 8 Weapons Flame Sword Yes
86%
Mega Man 2 Weapons Grass Shield No
86%
Mega Man 1 Weapons Ice Slasher Yes
86%
Mega Man 4 Weapons Junk Shield No
86%
Mega Man 7 Weapons Junk Shield Yes
86%
Mega Man 6 Weapons Magma Bazooka No
86%
Mega Man 3 Weapons Magnet Missile Yes
86%
Mega Man 1 Weapons Oil Slick No
86%
Mega Man 3 Weapons Optic Laser No
86%
Mega Man 5 Weapons Power Stone Yes
86%
Mega Man 7 Weapons Rebound Striker No
86%
Mega Man 3 Weapons Remote Mine No
86%
Mega Man 4 Weapons Ring Boomerang Yes
86%
Mega Man 1 Weapons Super Arm Yes
86%
Mega Man 1 Weapons Thunder Beam Yes
86%
Mega Man 8 Weapons Thunder Claw Yes
86%
Mega Man 8 Weapons Triple Blade No
86%
Mega Man 5 Weapons Water Balloon No
86%
Mega Man 8 Weapons Water Balloon Yes
86%
Mega Man 6 Weapons Yamato Spear Yes
86%
Mega Man 5 Weapons Crystal Ball No
71%
Mega Man 3 Weapons Electric Spark No
71%
Mega Man 6 Weapons Flame Cannon No
71%
Mega Man 7 Weapons Freeze Cracker Yes
71%
Mega Man 4 Weapons Pharaoh Cannon No
71%
Mega Man 4 Weapons Rain Flush Yes
71%
Mega Man 8 Weapons Search Sniper No
71%
Mega Man 7 Weapons Slash Claw Yes
71%
Mega Man 7 Weapons Sound Crush No
71%
Mega Man 7 Weapons Wild Coil Yes
71%
Mega Man 8 Weapons Grenade Bomb No
57%
Mega Man 1 Weapons Hyper Cutter No
57%
Mega Man 7 Weapons Lightning Bolt No
57%
Mega Man 6 Weapons Petal Shield No
57%
Mega Man 8 Weapons Tornado Hold Yes
57%
Mega Man 2 Weapons Tornado Shooter No
57%
Mega Man 5 Weapons Water Wave Yes
57%
Mega Man 6 Weapons Wind Storm Yes
57%
Mega Man 6 Weapons Blizzard Attack Yes
43%
Mega Man 8 Weapons Frost Wave No
43%
Mega Man 5 Weapons Star Shield No
43%
Mega Man 7 Weapons Flame Wheel No
29%
Mega Man 4 Weapons Skull Shield No
29%
No matching quizzes found
Score Distribution
Percent of People with Each Score
Percentile by Number Answered
Your Score History
You have not taken this quiz